00413nam a2200169Ia 4500008004100000020001800041050001400059100001800073245003000091245003300121260001300154260001800167260000900185300001400194300002500208300001000233180207s9999 xx 000 0 und d a9780859536585 bK955 2003 aKubler, Annie aRow, row, row your boat / cillustrated by Annie Kubler. aSydney : bChild's Play, c2003 aunpaged : bcolor illustration ; c21cm.